00250nam a2200097Ia 4500008004100000100001500041245005600056260002400112300000800136650000800144191201s2014 xx 000 0 und d aGUPTA,S.L. 0aFinancial Derivatives Theory, Concepts and Problems aN. DelhibPHIc2014 a616 aMBA